00313nam a2200121Ia 4500008004100000041000800041082001500049100001600064245003300080260003900113300002800152365001100180240624s9999 xx 000 0 und d aeng a336.54 DAL aDALTON HUGH aPRINCIPLES OF PUBLIC FINANCE c1998aNew DelhibAllied Publishers axvi, : 255p. : cm. ; 18 cRSb30